Statistiken für Welcher Fusßballer ist es?

Klicken Sie hier um das Quiz zu spielen!

Allgemein

  • Dieses Quiz wurde 98 mal gespielt
  • Das Durchschnittsergebnis liegt bei 3 aus 5

Antwortstatistiken

HintAntwort% Korrekt
Ist Engländer. Trägt die Nummer 10 bei Manchester United.Rashford
82%
Gewann 5 mal die Champions League. Wurde schon Englischer, Italienischer und Spanischer Meister.Ronaldo
76%
Gewann 2020 die Champions League. 27 Jahre alt.Kimmich
66%
Gewann schon 5 mal die Italienische Liga. Spielte schon mit Ronaldo und Messi zusammen.Dybala
49%
Gewann 1 mal die Champions League. Trägt im Verein die Nummer 19. Schoss 24 Tore in der Premier League.Mount
17%

Verteilung der Resultate

Perzentil nach korrekt beantworteten Fragen

Anzahl Personen mit jedem Resultat

Ihre Resultats-Entwicklung

Sie haben dieses Quiz noch nicht gespielt